| 000 | 00557cam a22002051 4500 | ||
|---|---|---|---|
| 001 | sa 66000568 | ||
| 003 | DLC | ||
| 005 | 20260227112216.0 | ||
| 008 | 890403r1964uuuuio ac 000 0 ind | ||
| 010 | _asa 66000568 | ||
| 035 | _a(OCoLC)23569901 | ||
| 040 |
_aDLC _cMiU _dDLC |
||
| 042 | _apremarc | ||
| 050 | 0 | 0 |
_aDS644 _b.2 1964.N6 |
| 100 | 1 |
_aNotosoetardjo, Achmad, _cHadji. |
|
| 245 | 1 | 0 | _aTahun Vivere Pericoloso merupakan kobarnja api Islam, |
| 250 | _a[Tjet. 1 | ||
| 260 |
_aDjakarta, _bEndang, _c1964] |
||
| 300 |
_a29 p. _billus., ports. _c22 cm. |
||
| 999 |
_c67316 _d67316 |
||